书目信息 |
| 题名: |
最新电脑组装与维修
|
|
| 作者: | 林东和 编著 | |
| 分册: | ||
| 出版信息: | 北京 科学出版社 1999.12 |
|
| 页数: | 253页 | |
| 开本: | 32开 | |
| 丛书名: | ||
| 单 册: | ||
| 中图分类: | TP305 | |
| 科图分类: | ||
| 主题词: | 计算技术 , 电子计算机 | |
| 电子资源: | ||
| ISBN: | 7-03-008065-3 | |
| 000 | 00584nam0 2200205 45 | |
| 001 | 0011281569 | |
| 005 | 20031219104047.8 | |
| 010 | @a7-03-008065-3@dCNY25.00 | |
| 100 | @a20001128d1999 km y0chiy0120 ea | |
| 101 | 0 | @aeng |
| 105 | @a z 000yy | |
| 200 | 1 | @a最新电脑组装与维修@AZui Xin Dian Nao Zu Zhuang Yu Wei Xiu@f林东和编著@FLin Dong He Bian Zhu |
| 210 | @a北京@c科学出版社@d1999.12 | |
| 215 | @a253页@c插图@d32开 | |
| 606 | 0 | @a计算技术 |
| 606 | 0 | @a电子计算机 |
| 690 | @aTP305@v1 | |
| 701 | 0 | @a林东和@4编著 |
| 801 | @aCN@bTSTC@c20001201 | |
| 905 | @b293512@dTP305@e216@f1 | |
| 最新电脑组装与维修/林东和编著.-北京:科学出版社,1999.12 |
| 253页:插图;32开 |
| ISBN 7-03-008065-3:CNY25.00 |
| ● |
| 相关链接 |
|
|
|
|
正题名:最新电脑组装与维修
索取号:TP305/216
 
预约/预借
| 序号 | 登录号 | 条形码 | 馆藏地/架位号 | 状态 | 备注 |
| 1 | 0293512 | 002935122 | 第二样本阅览室/ [索取号:TP305/216] | 在馆 |